Les Ballons d'or (années en 3) - Statistiques

Statistiques générales
  • Ce quiz a été pris 69 fois
  • Le résultat moyen est 5 sur 6
Statistiques - réponses
Année Nationalité Ballon d'or % Correct
2013 Portugal Cristiano Ronaldo
100%
1983 France Michel Platini
98%
2003 République tchèque Pavel Nedvěd
97%
1973 Pays-Bas Johan Cruyff
92%
1993 Italie Roberto Baggio
89%
1963 Union soviétique Lev Yachine
65%
Aucun quiz correspondant
Distribution des résultats
% des personnes avec chaque résultat
Percentile par nombre de réponses
Votre historique - résultats
Vous n’avez pas pris ce quiz